Работа с базами данных в C++ Builder: практическое руководство разработчика

Bibliografiske detaljer
Hovedforfatter: Хомоненко А. Д. Анатолий Дмитриевич
Andre forfattere: Ададуров С. Е. Сергей Евгеньевич
Summary:Рассматривается использование средств C++ Builder для разработки приложений баз данных. Даются понятия баз данных, характеризуются элементы и описываются этапы проектирования реляционных баз данных, изложена технология разработки информационных систем. Показаны основные приемы работы с данными при создании таблиц, подготовке SQL-запросов, использовании триггеров и хранимых процедур. Подробно описаны основные визуальные компоненты для разработки приложений, а также инструменты для администрирования локальных и удаленных данных. Рассматриваются навигационный и реляционный способы доступа к данным с помощью BDE, ADO, dbExpress и Interbase Express, основы программирования на SQL. Показывается использование локальных и удаленных баз данных, включая создание многоуровневых информационных систем. Благодаря подробному изложению тем и большому числу примеров книга может служить практическим руководством по работе с базами данных. Для разработчиков БД
Sprog:russisk
Udgivet: СПб., БХВ-Петербург, 2006
Fag:
Format: Bog
KOHA link:https://koha.lib.tpu.ru/cgi-bin/koha/opac-detail.pl?biblionumber=65109

MARC

LEADER 00000nam0a2200000 4500
001 65109
005 20231031070313.0
010 |a 5941576900 
035 |a (RuTPU)RU\TPU\book\69124 
090 |a 65109 
100 |a 20040616d2006 km y0rusy50 ca 
101 0 |a rus 
102 |a RU 
105 |a a z 001zy 
200 1 |a Работа с базами данных в C++ Builder  |e практическое руководство разработчика  |f А. Д. Хомоненко, С. Е. Ададуров 
210 |a СПб.  |c БХВ-Петербург  |d 2006 
215 |a 480 с.  |c ил. 
320 |a Предметный указатель: с. 475-480. 
330 |a Рассматривается использование средств C++ Builder для разработки приложений баз данных. Даются понятия баз данных, характеризуются элементы и описываются этапы проектирования реляционных баз данных, изложена технология разработки информационных систем. Показаны основные приемы работы с данными при создании таблиц, подготовке SQL-запросов, использовании триггеров и хранимых процедур. Подробно описаны основные визуальные компоненты для разработки приложений, а также инструменты для администрирования локальных и удаленных данных. Рассматриваются навигационный и реляционный способы доступа к данным с помощью BDE, ADO, dbExpress и Interbase Express, основы программирования на SQL. Показывается использование локальных и удаленных баз данных, включая создание многоуровневых информационных систем. Благодаря подробному изложению тем и большому числу примеров книга может служить практическим руководством по работе с базами данных. Для разработчиков БД 
610 1 |a программирование 
610 1 |a базы данных 
610 1 |a реляционные базы данных 
610 1 |a проектирование 
610 1 |a информационные системы 
610 1 |a создание 
610 1 |a визуальные компоненты 
610 1 |a данные 
610 1 |a навигационный доступ 
610 1 |a удаленные базы данных 
610 1 |a доступ 
610 1 |a InterBase Express 
675 |a 681.3.016  |v 3 
700 1 |a Хомоненко  |b А. Д.  |g Анатолий Дмитриевич 
701 1 |a Ададуров  |b С. Е.  |g Сергей Евгеньевич 
801 1 |a RU  |b 63413507  |c 20040616  |g PSBO 
801 2 |a RU  |b 63413507  |c 20060516  |g PSBO 
942 |c BK